[Event "It"]
[Site "masterchessopen.com – Titovo Uzice (Yugoslavia)"]
[Round "0"]
[White "Ciric Dragoljub M (SRB)"]
[Black "Janosevic Dragoljub (YUG)"]
[Result "1-0"]
[WhiteElo "2276"]
[BlackElo "2330"]

1.e4 c5 2.Nf3 Nc6 3.d4 cxd4 4.Nxd4 e6 5.Nc3 Qc7 6.g3 a6 7.Bg2 b5 8.O-O Bb7
9.Re1 Rc8 10.Nd5 Qb8 11.a4 Nxd4 12.Qxd4 Rc4 13.Qd3 exd5 14.exd5+ Kd8 15.axb5
axb5 16.b3 Rc5 17.Be3 Bc8 18.b4 Rc4 19.Ba7 Qd6 20.Qe3 Be7 21.Bb6+ Ke8 22.Bc5
Qh6 23.Qxh6 Nxh6 24.Rxe7+ Kd8 25.d6 {#r} 1-0

[Event "?"]
[Site "masterchessopen.com – Yugoslavia"]
[Round "0"]
[White "Matulovic Milan (SRB)"]
[Black "Janosevic Dragoljub (YUG)"]
[Result "1-0"]
[WhiteElo "2394"]
[BlackElo "2330"]

1.e4 c5 2.Nf3 Nc6 3.d4 cxd4 4.Nxd4 e6 5.Nc3 Qc7 6.g3 a6 7.Bg2 Nf6 8.O-O Be7
9.Re1 O-O 10.Nxc6 bxc6 11.e5 Nd5 12.Ne4 Qxe5 13.c4 Nf6 14.Bg5 Qa5 15.Nxf6+
Bxf6 16.Bxf6 gxf6 17.Re4 Kh8 18.Qd4 Qd8 19.Rh4 d5 20.Rh6 e5 21.Qh4 Bf5 22.Bh3
Bg6 23.Rxh7+ {#r} 1-0

[Event "Ch World (students)"]
[Site "masterchessopen.com – Graz (Austria)"]
[Round "0"]
[White "Hulak Krunoslav (CRO)"]
[Black "Sinclair Ian (SCO)"]
[Result "1-0"]
[WhiteElo "2486"]
[BlackElo "2295"]

1.e4 c5 2.Nf3 e6 3.d4 cxd4 4.Nxd4 Nc6 5.Nc3 Qc7 6.g3 a6 7.Bg2 b5 8.O-O Bb7
9.Re1 d6 10.a4 b4 11.Nd5 Qa5 12.Nxc6 Bxc6 13.c3 bxc3 14.b4 Qd8 15.Be3 Rb8
16.Qb3 Be7 17.Qxc3 Bxd5 18.exd5 e5 19.Qc6+ Qd7 20.b5 axb5 21.axb5 Rxb5 22.Ra8+
Bd8 23.Bb6 Rxb6 24.Qxb6 Ne7 25.Rb1 {#r} 1-0

[Event "It"]
[Site "masterchessopen.com – Medellin (Colombia)"]
[Date "1972.03.26"]
[Round "2"]
[White "Cuartas Carlos (COL)"]
[Black "Rodriguez Gonzales Jesus (CUB)"]
[Result "0-1"]
[WhiteElo "2330"]
[BlackElo "2355"]

1.e4 c5 2.Nc3 e6 3.Nf3 Nc6 4.d4 cxd4 5.Nxd4 Qc7 6.g3 a6 7.Bg2 Nge7 8.O-O Nxd4
9.Qxd4 Nc6 10.Qd3 Bc5 11.Bf4 Ne5 12.Qe2 O-O 13.Rad1 b5 14.Nd5 exd5 15.exd5 f6
16.d6 Qa7 17.Bxe5 fxe5 18.Bxa8 Qxa8 19.Qxe5 Qa7 20.Qd5+ Kh8 21.Rd2 Bb7 22.Qg5
Ba8 23.Rd5 Bxf2+ 24.Kg2 Qd4 {#R} 0-1

[Event "Ch Argentina"]
[Site "masterchessopen.com – Caseros (Argentina)"]
[Round "8"]
[White "Szmetan Jorge (ARG)"]
[Black "Brond Victor (ARG)"]
[Result "1-0"]
[WhiteElo "2405"]
[BlackElo "2385"]

1.Nf3 c5 2.e4 Nc6 3.d4 cxd4 4.Nxd4 Qc7 5.Nc3 e6 6.g3 a6 7.Bg2 Nf6 8.O-O Be7
9.Re1 O-O 10.Nxc6 dxc6 11.e5 Rd8 12.Qe2 Nd5 13.Ne4 b5 14.Ng5 h6 15.Nh3 Bb7
16.g4 c5 17.g5 hxg5 18.Nxg5 Bxg5 19.Bxg5 Re8 20.Qg4 Ne7 21.Bxb7 Qxb7 22.Re3
Ng6 23.Qh5 Nxe5 24.Rh3 f5 25.Bf6 {#r} 1-0

[Event "It"]
[Site "masterchessopen.com – Borovo (Croatia)"]
[Date "1980.08.22"]
[Round "13"]
[White "Ledic Tomislav (CRO)"]
[Black "Matulovic Milan (SRB)"]
[Result "0-1"]
[WhiteElo "2244"]
[BlackElo "2465"]

1.e4 c5 2.Nf3 Nc6 3.d4 cxd4 4.Nxd4 Qc7 5.Nc3 e6 6.g3 a6 7.Bg2 Nf6 8.Nde2 Be7
9.O-O O-O 10.h3 b5 11.Be3 Bb7 12.f4 Rfd8 13.g4 d5 14.exd5 Nb4 15.Bd4 Nfxd5
16.Nxd5 Bxd5 17.c3 Nc6 18.g5 Bxg2 19.Kxg2 e5 20.fxe5 Nxe5 21.Qc1 Qc6+ 22.Kg1
Nf3+ 23.Kf2 Bxg5 24.Be3 Bh4+ 25.Ng3 Ne5 {#R} 0-1

[Event "Ch Bulgaria"]
[Site "masterchessopen.com – Sofia (Bulgaria)"]
[Round "14"]
[White "Donchev Dimitar I (BUL)"]
[Black "Radev Nikolai (BUL)"]
[Result "1-0"]
[WhiteElo "2436"]
[BlackElo "2304"]

1.e4 c5 2.Nf3 Nc6 3.d4 cxd4 4.Nxd4 Qc7 5.Nc3 e6 6.g3 a6 7.Bg2 Nf6 8.O-O Be7
9.Re1 Nxd4 10.Qxd4 Bc5 11.Bf4 e5 12.Bxe5 Qb6 13.Qd2 Ng4 14.Nd5 Bxf2+ 15.Kf1
Bxe1 16.Rxe1 Qb5+ 17.Kg1 O-O 18.Bd4 d6 19.Bf1 {#r} 1-0

[Event "It (open)"]
[Site "masterchessopen.com – Zurich (Switzerland)"]
[Round "0"]
[White "Silva Nazzari Roberto (URU)"]
[Black "Lang Stefan (GER)"]
[Result "1-0"]
[WhiteElo "2173"]
[BlackElo "2255"]

1.e4 c5 2.Nf3 e6 3.d4 cxd4 4.Nxd4 Nc6 5.Nc3 Qc7 6.g3 a6 7.Bg2 Nf6 8.O-O Nxd4
9.Qxd4 Bc5 10.Qd3 Ng4 11.Qe2 Ne5 12.Kh1 b5 13.f4 Nc4 14.a4 Rb8 15.axb5 axb5
16.Nxb5 Rxb5 17.Qxc4 Rb4 18.Qc3 Kf8 19.Be3 d6 20.Ra8 {#r} 1-0

[Event "It (open)"]
[Site "masterchessopen.com – Warsaw (Poland)"]
[Round "0"]
[White "Gdanski Jacek (POL)"]
[Black "Terzic Goran (SRB)"]
[Result "1-0"]
[WhiteElo "2395"]
[BlackElo "2298"]

1.e4 c5 2.Nf3 e6 3.d4 cxd4 4.Nxd4 Nc6 5.Nc3 Qc7 6.g3 d6 7.Bg2 Bd7 8.Ndb5 Qb8
9.Bf4 Ne5 10.Qd4 Bxb5 11.Nxb5 a6 12.Rd1 axb5 13.Bxe5 Nf6 14.Bf1 Be7 15.Bxb5+
Kf8 16.Bxd6 Bxd6 17.Qxd6+ Qxd6 18.Rxd6 Nxe4 19.Rd4 Rxa2 20.O-O {#r} 1-0

[Event "It"]
[Site "masterchessopen.com – Eger (Hungary)"]
[Round "0"]
[White "Lukez Franko (SWE)"]
[Black "Fiol Fabrice (FRA)"]
[Result "1-0"]
[WhiteElo "2320"]
[BlackElo "2271"]

1.e4 c5 2.Nf3 e6 3.d4 cxd4 4.Nxd4 Nc6 5.Nc3 Qc7 6.g3 a6 7.Bg2 d6 8.O-O Be7
9.Re1 Bd7 10.a4 Nf6 11.Be3 Rc8 12.Nxc6 Bxc6 13.a5 {#r} 1-0

[Event "Cup Arnold"]
[Site "masterchessopen.com – Gausdal (Norway)"]
[Round "0"]
[White "Takle Dan (NOR)"]
[Black "Paasikangas-T Johanna (FIN)"]
[Result "1-0"]
[WhiteElo "2180"]
[BlackElo "2238"]

1.e4 c5 2.Nf3 e6 3.d4 cxd4 4.Nxd4 Nc6 5.Nc3 Qc7 6.g3 a6 7.Bg2 Nf6 8.O-O Nxd4
9.Qxd4 Bc5 10.Bf4 d6 11.Qd2 O-O 12.Rad1 e5 13.Bg5 Bg4 14.Bxf6 Bh5 15.Nd5 Qb8
16.Qh6 {#r} 1-0

[Event "?"]
[Site "masterchessopen.com – Jarvenpaa (Finland)"]
[Round "0"]
[White "Lahtinen Markku (FIN)"]
[Black "Paasikangas-T Johanna (FIN)"]
[Result "1-0"]
[WhiteElo "2277"]
[BlackElo "2238"]

1.e4 c5 2.Nf3 Nc6 3.d4 cxd4 4.Nxd4 e6 5.Nc3 Qc7 6.g3 a6 7.Bg2 Nf6 8.O-O Nxd4
9.Qxd4 Bc5 10.Bf4 Qb6 11.Qd2 Qxb2 12.Na4 Qb5 13.Nxc5 Qxc5 14.Bd6 Qc4 15.e5
{#r} 1-0

[Event "It (open)"]
[Site "masterchessopen.com – Buenos Aires (Argentina)"]
[Round "4"]
[White "Rodriguez Amador (ESP)"]
[Black "Fuentes Alberto (ARG)"]
[Result "1-0"]
[WhiteElo "2441"]
[BlackElo "2128"]

1.e4 c5 2.Nf3 e6 3.d4 cxd4 4.Nxd4 Nc6 5.Nc3 Qc7 6.g3 d6 7.Bg2 Be7 8.O-O Nf6
9.Ncb5 Qb8 10.Nxc6 bxc6 11.Nd4 Bd7 12.e5 Nd5 13.c4 Nb4 14.exd6 Qxd6 15.a3 Na6
16.Nxc6 Rc8 17.Nxe7 {#r} 1-0

[Event "Ch Cyprus"]
[Site "masterchessopen.com – Cyprus"]
[Round "0"]
[White "Constantinou Agathoclis (CYP)"]
[Black "Savva Panikos (CYP)"]
[Result "1-0"]
[WhiteElo "2070"]
[BlackElo "2067"]

1.e4 c5 2.Nf3 e6 3.d4 cxd4 4.Nxd4 Nc6 5.Nc3 Qc7 6.g3 a6 7.Bg2 Nf6 8.O-O Nxd4
9.Qxd4 Bc5 10.Qd3 O-O 11.Bf4 d6 12.Rad1 e5 13.Bg5 Bg4 14.Bxf6 Bxd1 15.Nd5 Bxc2
16.Qxc2 Qd7 17.Qd2 Kh8 18.Bxg7+ {#r} 1-0

[Event "It (open)"]
[Site "masterchessopen.com – Copenhagen (Denmark)"]
[Round "4"]
[White "Meyling Morten (DEN)"]
[Black "Petersen Peter Birk (DEN)"]
[Result "0-1"]
[WhiteElo "2318"]
[BlackElo "2153"]

1.e4 c5 2.Nf3 e6 3.d4 cxd4 4.Nxd4 Nc6 5.Nc3 Qc7 6.g3 a6 7.Bg2 d6 8.O-O Bd7
9.a4 Nf6 10.Be3 Be7 11.h3 O-O 12.Nde2 Ne5 13.b3 Bc6 14.f4 Ned7 15.Nd5 exd5
16.exd5 Nxd5 17.Bxd5 Bf6 18.Bxc6 Qxc6 19.Nd4 Qe4 20.Qf3 Rfe8 {#R} 0-1

[Event "It (open) \"]
[Site "masterchessopen.com – Buenos Aires (Argentina)"]
[Round "3"]
[White "Fiorito Fabian (ARG)"]
[Black "Garcia Raimundo (ARG)"]
[Result "1-0"]
[WhiteElo "2445"]
[BlackElo "2327"]

1.e4 c5 2.Nf3 e6 3.d4 cxd4 4.Nxd4 Nc6 5.Nc3 Qc7 6.g3 a6 7.Bg2 d6 8.O-O Bd7
9.Re1 Be7 10.Nxc6 Bxc6 11.a4 Nf6 12.a5 O-O 13.Bf4 Rae8 14.Be5 Qd8 15.Bf1 Qd7
16.Nb1 Kh8 17.f4 {#r} 1-0

[Event "It (open)"]
[Site "masterchessopen.com – Groningen (Netherlands)"]
[Round "11"]
[White "Steinbacher Matthias Dr (GER)"]
[Black "Kogan Artur (ISR)"]
[Result "0-1"]
[WhiteElo "2380"]
[BlackElo "2470"]

1.e4 c5 2.Nf3 Nc6 3.d4 cxd4 4.Nxd4 Qc7 5.Nc3 e6 6.g3 a6 7.Bg2 Nf6 8.O-O Nxd4
9.Qxd4 Bc5 10.Bf4 d6 11.Qd2 h6 12.Na4 e5 13.Nxc5 exf4 14.Nd3 fxg3 15.hxg3 Be6
16.c4 Qxc4 17.e5 dxe5 18.Nxe5 Qc7 19.Qe3 O-O 20.Rfc1 Qe7 21.Qc5 Rfe8 22.a4
Rad8 23.a5 Rd1+ {#R} 0-1

[Event "Ch Hungary (juniors)"]
[Site "masterchessopen.com – Hungary"]
[Round "6"]
[White "Kiss Fernanda (HUN)"]
[Black "Toth Szilvia (HUN)"]
[Result "1-0"]
[WhiteElo "2120"]
[BlackElo "2012"]

1.e4 c5 2.Nf3 e6 3.d4 cxd4 4.Nxd4 Nc6 5.Nc3 Qc7 6.g3 a6 7.Bg2 Nf6 8.O-O Be7
9.Re1 O-O 10.Nxc6 dxc6 11.e5 Nd5 12.Qg4 Rd8 13.Bh6 Bf8 14.Bg5 Be7 15.Rad1 Nxc3
16.bxc3 c5 17.Bf6 g6 18.Qh4 Bxf6 19.exf6 Kh8 20.Rxd8+ Qxd8 21.Qh6 Qg8 22.Rd1
{#r} 1-0

[Event "Ch Hungary (juniors)"]
[Site "masterchessopen.com – Hungary"]
[Round "2"]
[White "Lendvai Edit (HUN)"]
[Black "Toth Szilvia (HUN)"]
[Result "1-0"]
[WhiteElo "2039"]
[BlackElo "2012"]

1.e4 c5 2.Nf3 e6 3.d4 cxd4 4.Nxd4 Nc6 5.Nc3 Qc7 6.g3 a6 7.Bg2 Nf6 8.O-O b5
9.Re1 h5 10.Nd5 Nxd5 11.exd5 Nxd4 12.dxe6 dxe6 13.Bxa8 Nxc2 14.Bf4 Qa7 15.Bc6+
Bd7 16.Qxc2 {#r} 1-0

[Event "Ch Army"]
[Site "masterchessopen.com – Montabaur (Germany)"]
[Round "3"]
[White "Schneider Volker (GER)"]
[Black "Mareck Sascha (GER)"]
[Result "1-0"]
[WhiteElo "2227"]
[BlackElo "2181"]

1.e4 c5 2.Nc3 Nc6 3.Nf3 e6 4.d4 cxd4 5.Nxd4 Qc7 6.g3 Nf6 7.Ndb5 Qb8 8.Bf4 e5
9.Bg5 a6 10.Na3 d6 11.Bxf6 gxf6 12.Nd5 Be7 13.Nc4 b5 14.Nce3 Be6 15.Bg2 Na7
16.Qh5 Nc8 17.Qh6 Nb6 18.Nxf6+ Bxf6 19.Qxf6 Kd7 20.Rd1 Kc6 21.O-O Nd7 22.Qf3
h5 23.Nf5 {#r} 1-0

[Event "Ch Poland (juniors) (under 20) (g)"]
[Site "masterchessopen.com – Poland"]
[Round "12"]
[White "Grabarska Barbara (POL)"]
[Black "Blimke Dalia (POL)"]
[Result "1-0"]
[WhiteElo "2302"]
[BlackElo "2085"]

1.e4 c5 2.Nf3 Nc6 3.d4 cxd4 4.Nxd4 Qc7 5.Nc3 e6 6.g3 Bb4 7.Ne2 Nf6 8.Bg2 O-O
9.O-O Be7 10.Bf4 Ne5 11.Nd4 a6 12.Qe2 d6 13.h3 b5 14.Nf3 Bb7 15.Nxe5 dxe5
16.Bg5 b4 17.Nd1 a5 18.c4 bxc3 19.Nxc3 Ba6 20.Nb5 Qb7 21.a4 Rfb8 22.Rfc1 Bxb5
23.axb5 Qxb5 24.Rc8+ {#r} 1-0

[Event "It (open)"]
[Site "masterchessopen.com – Cappelle la Grande (France)"]
[Round "9"]
[White "Pass Deborah (ENG)"]
[Black "Krivokapic Ratko (FRA)"]
[Result "0-1"]
[WhiteElo "1964"]
[BlackElo "2285"]

1.e4 c5 2.Nf3 e6 3.d4 cxd4 4.Nxd4 Nc6 5.Nc3 Qc7 6.g3 a6 7.Bg2 Nf6 8.O-O Bc5
9.Nb3 Ba7 10.Kh1 h5 11.Bg5 Ng4 12.Qe2 Nce5 13.f4 Nc4 14.f5 b5 15.Rad1 Nxb2
16.Nd5 exd5 17.exd5+ Qe5 18.Rde1 Qxe2 19.Rxe2+ Kf8 20.d6 Rb8 21.Re7 Nf2+
22.Rxf2 Bxf2 23.Bd5 Bb7 24.Bxb7 Rxb7 25.f6 Nc4 {#R} 0-1

[Event "Ch Poland (team) (region)"]
[Site "masterchessopen.com – Poland"]
[Round "0"]
[White "Hnydiuk Aleksander (POL)"]
[Black "Gromada Andrzej (POL)"]
[Result "1-0"]
[WhiteElo "2260"]
[BlackElo "1989"]

1.e4 c5 2.Nf3 Nc6 3.Nc3 e6 4.d4 cxd4 5.Nxd4 Qc7 6.g3 a6 7.Bg2 Nxd4 8.Qxd4 Bc5
9.Qxg7 Qb6 10.Qxh8 Bxf2+ 11.Kf1 Bd4 12.Qxg8+ Ke7 13.Bg5+ f6 14.Qg7+ {#r} 1-0

[Event "It (open)"]
[Site "masterchessopen.com – Calcutta (India)"]
[Round "11"]
[White "Mithrakanth Poorna Sharma (IND)"]
[Black "Reefat Bin-Sattar (BAN)"]
[Result "0-1"]
[WhiteElo "2350"]
[BlackElo "2465"]

1.e4 c5 2.Nf3 Nc6 3.d4 cxd4 4.Nxd4 Qc7 5.Nc3 e6 6.g3 a6 7.Bg2 Nf6 8.O-O Bc5
9.Nb3 Ba7 10.Bf4 Ne5 11.a4 d6 12.Qe2 Bd7 13.Rad1 h6 14.Kh1 g5 15.Bxe5 dxe5
16.f4 gxf4 17.gxf4 Rg8 18.Nd2 exf4 19.e5 Bc6 20.Bxc6+ Qxc6+ 21.Rf3 O-O-O 22.h3
Rg3 23.Kh2 Rxd2 24.Qxd2 Rxh3+ {#R} 0-1

[Event "It (open)"]
[Site "masterchessopen.com – Fuzesabony (Hungary)"]
[Round "3"]
[White "Sapi Janos (HUN)"]
[Black "Toth Szabolcs (HUN)"]
[Result "0-1"]
[WhiteElo "2021"]
[BlackElo "2008"]

1.e4 c5 2.Nf3 e6 3.d4 cxd4 4.Nxd4 Nc6 5.Nc3 Qc7 6.g3 a6 7.Bg2 Nf6 8.O-O Nxd4
9.Qxd4 Bc5 10.Qd3 O-O 11.Be3 d6 12.Rad1 Ng4 13.Bd4 e5 14.Nd5 Qd8 15.Bxc5 dxc5
16.Qc3 Be6 17.h3 Nf6 18.Qxe5 Bxd5 19.exd5 Re8 20.Qc3 Rc8 21.Rfe1 Rxe1+ 22.Rxe1
Qb6 23.Qe3 Qd6 24.Qe5 {#R} 0-1

[Event "It (sheveningen)"]
[Site "masterchessopen.com – Petach Tikva (Israel)"]
[Round "0"]
[White "Kogan Pavel (ISR)"]
[Black "Bar Andrey (ISR)"]
[Result "0-1"]
[WhiteElo "2227"]
[BlackElo "2101"]

1.e4 c5 2.Nc3 Nc6 3.Nge2 e6 4.d4 cxd4 5.Nxd4 Qc7 6.g3 a6 7.Bg2 Nf6 8.O-O Bc5
9.Nb3 Ba7 10.Bf4 Ne5 11.Kh1 d6 12.Qe2 b5 13.a3 Bb7 14.Rad1 Rc8 15.Nd4 Qc4
16.Qxc4 Nxc4 17.Bc1 Nxa3 {#R} 0-1

[Event "It (open)"]
[Site "masterchessopen.com – Calcutta (India)"]
[Round "2"]
[White "Girinath P D S (IND)"]
[Black "Harikrishna P (IND)"]
[Result "1-0"]
[WhiteElo "2375"]
[BlackElo "2185"]

1.e4 c5 2.Nf3 e6 3.d4 cxd4 4.Nxd4 Nc6 5.Nc3 Qc7 6.g3 a6 7.Bg2 Nf6 8.O-O Be7
9.Re1 h5 10.h3 h4 11.g4 Nxd4 12.Qxd4 Bc5 13.Qd3 Qe5 14.Be3 Bxe3 15.Rxe3 b5
16.f4 Qxf4 17.e5 Nxg4 18.hxg4 Qxg4 19.Ne4 Kf8 20.Rf1 Kg8 21.Nf2 Qg5 22.Nh3 Qg4
23.Rf4 Qh5 24.Bxa8 g5 25.Bf3 {#r} 1-0

[Event "It (open)"]
[Site "masterchessopen.com – Eger (Hungary)"]
[Round "5"]
[White "Besztercsenyi Tibor (HUN)"]
[Black "Toth Adrienn (HUN)"]
[Result "1-0"]
[WhiteElo "2171"]
[BlackElo "2065"]

1.e4 c5 2.Nf3 e6 3.d4 cxd4 4.Nxd4 Nc6 5.Nc3 Qc7 6.g3 a6 7.Bg2 Nf6 8.O-O h5
9.Bg5 Nxd4 10.Qxd4 Bc5 11.Qd3 Ng4 12.Qe2 Nxh2 13.Kxh2 h4 14.Bf4 hxg3+ 15.Kxg3
e5 16.Be3 f5 17.exf5 d6 18.Qg4 {#r} 1-0

[Event "Ch Europe (juniors) (under 16)"]
[Site "masterchessopen.com – Tallinn (Estonia)"]
[Round "8"]
[White "Bokros Albert (HUN)"]
[Black "Kapnisis Spyridon (GRE)"]
[Result "1-0"]
[WhiteElo "2310"]
[BlackElo "2225"]

1.e4 c5 2.Nf3 Nc6 3.d4 cxd4 4.Nxd4 Qc7 5.Nc3 e6 6.g3 a6 7.Bg2 Nf6 8.O-O Bc5
9.Nb3 Ba7 10.Bf4 Ne5 11.Qd2 h6 12.Rad1 Ke7 13.Nd5+ Nxd5 14.exd5 Bb8 15.d6+
Qxd6 16.Qxd6+ Bxd6 17.Rxd6 Kxd6 18.Rd1+ Ke7 19.Bxe5 {#r} 1-0

[Event "Ch France (team) 1997/98"]
[Site "masterchessopen.com – France"]
[Round "0"]
[White "Parr Erik (NOR)"]
[Black "De Sousa Jose-Claude (FRA)"]
[Result "1-0"]
[WhiteElo "2255"]
[BlackElo "2265"]

1.e4 c5 2.Nf3 Nc6 3.d4 cxd4 4.Nxd4 Qc7 5.Nc3 e6 6.g3 a6 7.Bg2 Nf6 8.O-O Bc5
9.Nb3 Be7 10.a4 d6 11.a5 Ne5 12.f4 Nc4 13.Qe2 Bd7 14.e5 dxe5 15.fxe5 Nxe5
16.Bf4 Bd6 17.Rad1 Nc4 18.Rxd6 Nxd6 19.Rd1 Qc4 20.Rxd6 Qxe2 21.Nxe2 O-O-O
22.Bxb7+ Kxb7 23.Nc5+ Kc8 24.Rb6 {#r} 1-0

[Event "It"]
[Site "masterchessopen.com – Villa del Parque"]
[Round "6"]
[White "Garbarino Rodolfo (ARG)"]
[Black "Dolezal Cristian (ARG)"]
[Result "1-0"]
[WhiteElo "2395"]
[BlackElo "2325"]

1.e4 c5 2.Nf3 e6 3.Nc3 Nc6 4.d4 cxd4 5.Nxd4 Qc7 6.g3 a6 7.Bg2 Nf6 8.O-O Bc5
9.Nxc6 dxc6 10.Na4 Ba7 11.c4 b5 12.e5 Nd7 13.cxb5 axb5 14.Nc3 Nxe5 15.Bf4 O-O
16.Nxb5 Qa5 17.Nxa7 Rxa7 18.b4 {#r} 1-0

[Event "Ch Finland (team) (I Division)"]
[Site "masterchessopen.com – Finland"]
[Round "7"]
[White "Tiitta Sauli (FIN)"]
[Black "Viljava Tapani (FIN)"]
[Result "1-0"]
[WhiteElo "2193"]
[BlackElo "2197"]

1.e4 c5 2.Nf3 Nc6 3.d4 cxd4 4.Nxd4 Qc7 5.Nc3 e6 6.g3 d6 7.Ndb5 Qb8 8.Bf4 e5
9.Be3 a6 10.Na3 Be6 11.Nd5 b5 12.c4 b4 13.Qa4 Bd7 14.Nb5 Nd4 15.Bxd4 exd4
16.Nbc7+ Kd8 17.Qa5 {#r} 1-0

[Event "Memorial P.Keres (open)"]
[Site "masterchessopen.com – Utrecht (Netherlands)"]
[Round "4"]
[White "Berkvens Joost (NED)"]
[Black "Oosterom Erik (NED)"]
[Result "1-0"]
[WhiteElo "2268"]
[BlackElo "2206"]

1.e4 c5 2.Nf3 Nc6 3.Nc3 e6 4.d4 cxd4 5.Nxd4 Qc7 6.g3 Nf6 7.Ndb5 Qb8 8.Bf4 Ne5
9.Bxe5 Qxe5 10.f4 Qc5 11.e5 Qc6 12.exf6 Qxh1 13.Qd4 Qxh2 14.Ne4 gxf6 15.Qxf6
d5 16.O-O-O Rb8 17.Qxh8 dxe4 18.Rd8+ Kxd8 19.Qxf8+ Kd7 20.Qd6+ Ke8 21.Nc7# 1-0

[Event "It (open)"]
[Site "masterchessopen.com – Catalunia (Spain)"]
[Round "4"]
[White "Daude Puvill Antonio (ESP)"]
[Black "Fluvia Poyatos Joan (ESP)"]
[Result "0-1"]
[WhiteElo "2148"]
[BlackElo "2403"]

1.e4 c5 2.Nf3 e6 3.d4 cxd4 4.Nxd4 Nc6 5.Nc3 Qc7 6.g3 a6 7.Bg2 Nf6 8.O-O Bc5
9.Nb3 Ba7 10.Bf4 Ne5 11.Kh1 d6 12.Bxe5 dxe5 13.f4 b5 14.a3 Bb7 15.f5 O-O 16.g4
h6 17.h4 g6 18.Bf3 exf5 19.gxf5 gxf5 20.exf5 e4 21.Be2 Qg3 22.Rg1 Bxg1 {#R}
0-1

[Event "It (open)"]
[Site "masterchessopen.com – Creon (France)"]
[Round "3"]
[White "Popescu Daniel Dorin (ROM)"]
[Black "Dezan Pierre (FRA)"]
[Result "1-0"]
[WhiteElo "2353"]
[BlackElo "2255"]

1.e4 c5 2.Nf3 e6 3.d4 cxd4 4.Nxd4 Nc6 5.Nc3 Qc7 6.g3 a6 7.Bg2 Nf6 8.O-O Be7
9.Re1 O-O 10.Nxc6 dxc6 11.e5 Rd8 12.Qf3 Nd5 13.h4 b5 14.Bg5 Nxc3 15.Bxe7 Qxe7
16.Qxc6 Bd7 17.Qxc3 Rac8 18.Qb3 a5 19.Be4 a4 20.Qe3 b4 21.Rad1 Bc6 22.Bxc6
Rxc6 23.Qa7 {#r} 1-0

[Event "It (open)"]
[Site "masterchessopen.com – Deurne (Belgium)"]
[Round "2"]
[White "Wantiez Fabrice (BEL)"]
[Black "Deweerdt Jan (ITA)"]
[Result "1-0"]
[WhiteElo "2244"]
[BlackElo "2055"]

1.e4 c5 2.Nf3 Nc6 3.d4 cxd4 4.Nxd4 Qc7 5.Nc3 e6 6.g3 a6 7.Bg2 Bc5 8.Be3 Nxd4
9.Bxd4 Bxd4 10.Qxd4 f6 11.O-O-O Ne7 12.f4 O-O 13.Na4 b5 14.Nc5 Ra7 15.Rhe1 Nc6
16.Qd6 Qa5 17.Kb1 h6 18.e5 {#r} 1-0

[Event "Ch Hungary (team) 1999/00 (2 liga)"]
[Site "masterchessopen.com – Hungary"]
[Round "6"]
[White "Farkas Gyula (HUN)"]
[Black "Erdelyi Zombor (HUN)"]
[Result "0-1"]
[WhiteElo "2217"]
[BlackElo "2207"]

1.e4 c5 2.Nf3 e6 3.Nc3 Nc6 4.d4 cxd4 5.Nxd4 Qc7 6.g3 a6 7.Bg2 Nf6 8.O-O Be7
9.Re1 O-O 10.Nxc6 dxc6 11.e5 Rd8 12.Qe2 Nd5 13.Ne4 Qxe5 14.c4 Nf6 15.Bg5 Kh8
16.Rad1 Qc7 17.Bf4 e5 18.Bxe5 Qxe5 19.Rxd8+ Bxd8 20.Nxf6 gxf6 21.Qd1 Bg4 22.f3
Qc5+ 23.Kh1 {#R} 0-1

[Event "It (open)"]
[Site "masterchessopen.com – Apeldorn (Netherlands)"]
[Round "0"]
[White "Hristodorescu Daniel (ROM)"]
[Black "Kabatianski Alexandr (GER)"]
[Result "0-1"]
[WhiteElo "2253"]
[BlackElo "2452"]

1.e4 c5 2.Nf3 e6 3.d4 cxd4 4.Nxd4 Nc6 5.Nc3 Qc7 6.g3 a6 7.Bg2 d6 8.O-O Be7
9.Nxc6 bxc6 10.f4 Bb7 11.b3 Nf6 12.Bb2 O-O 13.g4 d5 14.g5 Nd7 15.Qg4 f5
16.gxf6 Rxf6 17.Kh1 Raf8 18.Rae1 Rg6 19.Qf3 Bd6 20.Ne2 c5 21.Qe3 d4 22.Qf2 Nf6
23.Ng3 Ng4 24.Qe2 Bxf4 {#R} 0-1

[Event "It (cat.9)"]
[Site "masterchessopen.com – Dhaka (Bangladesh)"]
[Round "5"]
[White "Volzhin Alexander (RUS)"]
[Black "Reefat Bin-Sattar (BAN)"]
[Result "1-0"]
[WhiteElo "2521"]
[BlackElo "2450"]

1.e4 c5 2.Nf3 Nc6 3.d4 cxd4 4.Nxd4 Qc7 5.Nc3 e6 6.g3 a6 7.Bg2 Nf6 8.O-O Bc5
9.Nxc6 dxc6 10.Na4 Ba7 11.c4 Nd7 12.b4 b5 13.Nb2 c5 14.bxc5 O-O 15.cxb5 axb5
16.Be3 Nxc5 17.Rc1 Qe7 18.e5 Nb7 19.Re1 Bxe3 20.Rxe3 b4 21.Na4 Ra5 22.Nb6 Nc5
23.Qd6 Qxd6 24.exd6 Bd7 25.Bf1 {#r} 1-0

[Event "Ch Ukraine (juniors) (under 18) (1/2 final)"]
[Site "masterchessopen.com – Dnepropetrovsk (Ukraine)"]
[Round "1"]
[White "Shkuran Daniil (UKR)"]
[Black "Kalinin Nikolay (UKR)"]
[Result "1-0"]
[WhiteElo "2248"]
[BlackElo "2165"]

1.e4 c5 2.Nf3 e6 3.Nc3 Nc6 4.d4 cxd4 5.Nxd4 Qc7 6.g3 Nf6 7.Bg2 a6 8.O-O b5
9.e5 Ng8 10.Nxc6 dxc6 11.Ne4 Bb7 12.Bf4 c5 13.c4 h6 14.cxb5 axb5 15.Qe2 Qb6
16.Rfd1 Bxe4 17.Qxe4 Rc8 18.Qd3 Rd8 19.Bc6+ Ke7 20.Qxb5 Qxb5 21.Bxb5 f6
22.Rxd8 Kxd8 23.Rd1+ Kc8 24.Ba6+ {#r} 1-0

[Event "Ch Greece (juniors) (under 20)"]
[Site "masterchessopen.com – Greece"]
[Round "4"]
[White "Kapnisis Spyridon (GRE)"]
[Black "Mastrovasilis Dimitrios (GRE)"]
[Result "0-1"]
[WhiteElo "2373"]
[BlackElo "2426"]

1.e4 c5 2.Nf3 e6 3.d4 cxd4 4.Nxd4 Nc6 5.Nc3 Qc7 6.g3 a6 7.Bg2 d6 8.O-O Bd7
9.a4 Be7 10.Nb3 Nf6 11.f4 Rc8 12.g4 h6 13.Be3 h5 14.gxh5 Nxh5 15.a5 Nb4 16.Bb6
Qb8 17.Qd2 e5 18.fxe5 dxe5 19.Be3 Qd6 20.Qe2 Qg6 21.Rac1 Be6 22.Qf2 Nf6 23.Qg3
Ng4 24.Nd5 Bh4 {#R} 0-1